000 00555nam a2200181Ia 4500
999 _c28924
_d28924
003 OSt
005 20210105085823.0
008 190216s9999||||xx |||||||||||||| ||und||
020 _a9788182643833
040 _coclc
082 _a894.8129
_bGAN/O
100 _aGandhi, Sarswathi
_97898
245 0 _aOrmakalude Veliyettam /
_cSaraswathi Gandhi ; Jolly Adimatra
260 _bMathrubhumi Printing & publishing,
_aKozhikode:
_c2006.
300 _a166p
650 _aSmaranakal
942 _cBK
_2ddc
_h894.8129
_iGAN/O
_k894.8129
_mGANO